Modern weed control (Record no. 307685)

MARC details
000 -LEADER
fixed length control field 00307nam a22001337a 4500
020 ## - INTERNATIONAL STANDARD BOOK NUMBER
International Standard Book Number 0520027337
041 ## - LANGUAGE CODE
Language code of text/sound track or separate title English
082 ## - DEWEY DECIMAL CLASSIFICATION NUMBER
Classification number 632.5
Item number ALD/MO
100 ## - MAIN ENTRY--PERSONAL NAME
Personal name Alden S Crafts
245 ## - TITLE STATEMENT
Title Modern weed control
260 ## - PUBLICATION, DISTRIBUTION, ETC. (IMPRINT)
Place of publication, distribution, etc. London
Name of publisher, distributor, etc. University of california press
Date of publication, distribution, etc. 1975
300 ## - PHYSICAL DESCRIPTION
Extent 440
942 ## - ADDED ENTRY ELEMENTS (KOHA)
Koha item type Books (General)
Holdings
Withdrawn status Lost status Damaged status Not for loan Home library Current library Date acquired Source of acquisition Total Checkouts Full call number Barcode Date last seen Price effective from Koha item type
        College of Forestry, Vellanikkara College of Forestry, Vellanikkara 29/09/2015 Donated by Dr. K. Sudhakara   632.5 ALD/MO KAU_COF-G-357 29/09/2015 02/08/2025 Books (General)
Kerala Agricultural University Central Library
Thrissur-(Dt.), Kerala Pin:- 680656, India
Ph : (+91)(487) 2372219
E-mail: librarian@kau.in
Website: http://library.kau.in/